[Event "Open Nord"]
[Site "Meyreuil"]
[Date "2012.01.27"]
[Round "6"]
[White "Arthaud, Geoffrey"]
[Black "Tchifteyan, Philippe"]
[Result "0-1"]
[WhiteElo "1580"]
[BlackElo "1661"]
[PlyCount "108"]

1. d4 d5 2. c4 c6 3. Nf3 f5 4. cxd5 cxd5 5. Nc3 Nf6 6. Qc2 Nc6 7. Bg5 e6 8. e3
Be7 9. a3 O-O 10. Bd3 Bd7 11. O-O a6 12. Na4 Ne4 13. Bxe7 Qxe7 14. Nb6 Rad8 15.
Nd2 Be8 16. f3 Nf6 17. Qc3 Qc7 18. Na4 Nd7 19. Nc5 Nxc5 20. Qxc5 g5 21. Rac1
Qg7 22. Qc3 f4 23. Rce1 fxe3 24. Nb3 e5 25. dxe5 Qxe5 26. Qxe5 Nxe5 27. Rxe3
Nxd3 28. Rxd3 Bb5 29. Rd4 Bxf1 30. Kxf1 b6 31. Rb4 Rd6 32. Rg4 h6 33. Nd4 Rf4
34. Rxf4 gxf4 35. Ne2 Rf6 36. Ke1 Kf7 37. Kd2 Ke6 38. Kd3 Ke5 39. a4 h5 40. b4
h4 41. b5 axb5 42. axb5 Rg6 43. g3 hxg3 44. hxg3 fxg3 45. Ke3 g2 46. f4+ Kd6
47. Kf2 d4 48. f5 Rg8 49. f6 d3 50. Ng1 Ke6 51. f7 Kxf7 52. Ke3 Rg3+ 53. Kf2 d2
54. Ke2 Rd3 0-1

[Event "Open Nord"]
[Site "Meyreuil"]
[Date "2012.01.27"]
[Round "6"]
[White "Corrias, Robert"]
[Black "Noireaut, Hoan"]
[Result "0-1"]
[WhiteElo "1671"]
[BlackElo "1494"]
[PlyCount "31"]

1. Nf3 d6 2. d4 Nf6 3. c4 g6 4. Nc3 Bg7 5. g3 O-O 6. Bg2 Nbd7 7. O-O Rb8 8. Nb5
a6 9. Na7 c5 10. Nxc8 Qxc8 11. d5 b5 12. Nd2 Nb6 13. b3 Nfxd5 14. Bb2 Bxb2 15.
Rb1 Nc3 16. Qc2 0-1

[Event "Open Nord"]
[Site "Meyreuil"]
[Date "2012.01.27"]
[Round "6"]
[White "Solchaga, Jerome"]
[Black "Montanelli, Tristan"]
[Result "1-0"]
[WhiteElo "1725"]
[BlackElo "1695"]
[PlyCount "127"]

1. d4 d6 2. c4 e5 3. dxe5 dxe5 4. Qxd8+ Kxd8 5. Bd2 Nc6 6. e3 Nf6 7. a3 Ne4 8.
Bd3 Nxd2 9. Nxd2 Be7 10. Ne2 Be6 11. O-O Kd7 12. Ng3 g6 13. Rac1 b6 14. c5 a6
15. cxb6 cxb6 16. Be4 Rac8 17. Nc4 Bxc4 18. Rxc4 Na5 19. Rd1+ Ke6 20. Bd5+ Kf6
21. Rxc8 Rxc8 22. b4 Nc4 23. Rc1 b5 24. Ne4+ Kg7 25. Bxc4 bxc4 26. Kf1 a5 27.
Nc5 axb4 28. axb4 c3 29. Rxc3 Rb8 30. Rc4 f5 31. Ke2 e4 32. f3 exf3+ 33. gxf3
Ra8 34. Kd3 Bf6 35. Rc2 Ra3+ 36. Kd2 f4 37. Ne6+ Kf7 38. Nxf4 Be5 39. Nd3 Bxh2
40. f4 Ra7 41. b5 Rb7 42. Rb2 Rb6 43. Ne5+ Ke6 44. Nc4 Rb7 45. b6 g5 46. fxg5
Kf5 47. Kc1 Bb8 48. Rg2 Rg7 49. Kd2 h5 50. Ke2 Rxg5 51. Rxg5+ Kxg5 52. Kf3 h4
53. e4 h3 54. e5 Kf5 55. Kg3 Ke6 56. Kxh3 Kf5 57. Kg3 Kg5 58. Kf3 Kf5 59. Ke3
Ke6 60. Ke4 Ke7 61. Kd5 Kd7 62. Kc5 Kc8 63. Kc6 Bc7 64. Nd6+ 1-0

[Event "Open Nord"]
[Site "Meyreuil"]
[Date "2012.01.27"]
[Round "6"]
[White "Scamaroni, Jean-Paul"]
[Black "Garcia, Robustiano"]
[Result "1-0"]
[WhiteElo "1667"]
[BlackElo "1670"]
[PlyCount "132"]

1. d4 Nf6 2. c4 g6 3. Nc3 Bg7 4. e4 d6 5. f4 O-O 6. Nf3 c5 7. d5 e6 8. Be2 exd5
9. cxd5 Re8 10. e5 dxe5 11. fxe5 Ng4 12. e6 fxe6 13. d6 a6 14. a4 Bd7 15. O-O
Nc6 16. h3 Nge5 17. Be3 Qa5 18. Ne4 Nxf3+ 19. Bxf3 Nd4 20. Bd2 Qb6 21. Bc3 Rf8
22. a5 Nxf3+ 23. Rxf3 Qc6 24. Nf6+ Bxf6 25. Rxf6 Rxf6 26. Bxf6 Rf8 27. Be7 Rf5
28. Qd2 Qd5 29. Rd1 Qxd2 30. Rxd2 Rd5 31. Rf2 Rf5 32. Rd2 Kf7 33. Rc2 Bc6 34.
Rd2 Rd5 35. Rf2+ Rf5 36. Rd2 Bd7 37. Rc2 Bb5 38. Rd2 Ke8 39. g4 Rf7 40. Rc2 c4
41. b3 Rf4 42. bxc4 Bxc4 43. Rb2 Bb5 44. Rc2 Bc6 45. Rf2 Rxf2 46. Kxf2 Kd7 47.
Ke3 e5 48. g5 Ke6 49. Kf2 Kf5 50. Kg3 Ke4 51. Bf6 Kd5 52. Be7 Ke4 53. Bf6 Kf5
54. h4 e4 55. Bd4 Ke6 56. Bc5 Kd5 57. Ba3 Kd4 58. Kf2 Kc4 59. Bc1 Kc5 60. Bf4
Kd4 61. Be3+ Kd3 62. Bb6 Kc4 63. Ke3 Kd5 64. Bc7 Kc5 65. Kf4 Kd5 66. Ke3 Ke5
1-0

[Event "Open Nord"]
[Site "Meyreuil"]
[Date "2012.01.27"]
[Round "6"]
[White "Maggio, Stephane"]
[Black "Lucas, Jacques"]
[Result "1/2-1/2"]
[WhiteElo "1440"]
[BlackElo "1410"]
[PlyCount "85"]

1. d4 Nf6 2. Bf4 d6 3. h3 g6 4. Nf3 Nc6 5. e3 Bg7 6. c4 O-O 7. Nc3 Nh5 8. Bh2
e5 9. Be2 Nf6 10. O-O a6 11. a3 Ne8 12. Qc1 exd4 13. Nxd4 Nxd4 14. exd4 Bxd4
15. Re1 Nf6 16. Bf3 c6 17. Qd2 c5 18. Rad1 Rb8 19. b4 b6 20. Nd5 Nxd5 21. Bxd5
Bb7 22. Bxb7 Rxb7 23. Re2 Re8 24. Rde1 Rbe7 25. Rxe7 Rxe7 26. Re2 Rxe2 27. Qxe2
a5 28. b5 Kf8 29. a4 f6 30. Kf1 Be5 31. f4 Bd4 32. Qe4 f5 33. Qe6 Qe7 34. Qxe7+
Kxe7 35. Ke2 Ke6 36. Kd3 d5 37. Bg3 Bf6 38. Bf2 d4 39. Ke2 h6 40. Be1 g5 41. g3
h5 42. Bd2 g4 43. h4 1/2-1/2

[Event "Open Nord"]
[Site "Meyreuil"]
[Date "2012.01.27"]
[Round "6"]
[White "Raymond, Xavier"]
[Black "Marchal-Perrin, Alexandre"]
[Result "1-0"]
[WhiteElo "1640"]
[BlackElo "1399"]
[PlyCount "129"]

1. e4 c5 2. f4 Nc6 3. Nf3 e6 4. Be2 d5 5. e5 g6 6. O-O Bg7 7. d4 c4 8. c3 Nge7
9. Qe1 O-O 10. Bd1 f6 11. Na3 fxe5 12. fxe5 h6 13. Bc2 Qe8 14. Nb5 Qd8 15. Nd6
Nf5 16. Bxf5 exf5 17. Qg3 g5 18. Qf2 f4 19. Qc2 g4 20. Ne1 Qg5 21. g3 Bf5 22.
Rxf4 Qxf4 23. Qd1 Bc2 24. Bxf4 Bxd1 25. Rxd1 Rab8 26. Nc2 b5 27. Ne3 b4 28.
Nxg4 bxc3 29. bxc3 Rb2 30. Rd2 Rxf4 31. Nxh6+ Bxh6 32. Rxb2 Rf3 33. Rc2 Be3+
34. Kg2 Rf8 35. Nb5 Ne7 36. Nxa7 Nf5 37. Nc6 Bg5 38. Rb2 Ne3+ 39. Kh3 Rf7 40.
Rb8+ Kg7 41. a4 Kh7 42. a5 Kg6 43. Rg8+ Kf5 44. Rh8 Nc2 45. a6 Ke4 46. a7 Rxa7
47. Nxa7 Kd3 48. Nc6 Kxc3 49. Kg4 Be3 50. e6 Nxd4 51. Nxd4 Kxd4 52. e7 c3 53.
e8=Q c2 54. Qc6 c1=Q 55. Qxc1 Bxc1 56. Rd8 Ke4 57. h4 d4 58. h5 d3 59. Re8+ Kd4
60. Kf3 d2 61. Rd8+ Kc3 62. Ke2 Kc2 63. Rc8+ Kb1 64. Kd1 Kb2 65. h6 1-0

[Event "Open Nord"]
[Site "Meyreuil"]
[Date "2012.01.27"]
[Round "6"]
[White "Schoeni, Christine"]
[Black "Bellais, Nicolas"]
[Result "0-1"]
[WhiteElo "1499"]
[BlackElo "1520"]
[PlyCount "70"]

1. d4 e6 2. e4 d5 3. e5 c5 4. c3 Nc6 5. Nf3 a6 6. Be2 b5 7. O-O Qb6 8. Be3 Nh6
9. h3 Nf5 10. Bg5 cxd4 11. cxd4 Nfxd4 12. Nxd4 Qxd4 13. Qc1 Bb7 14. Nc3 Qxe5
15. Bf4 Qd4 16. a3 Qb6 17. Bd3 Bc5 18. Nd1 O-O 19. Be3 Bxe3 20. Nxe3 Ne5 21.
Be2 Rac8 22. Qd2 Nc4 23. Nxc4 dxc4 24. Qe3 Qxe3 25. fxe3 c3 26. bxc3 Rxc3 27.
Kf2 Rc2 28. Rfe1 Rd8 29. Kf1 g6 30. Bf3 Bxf3 31. gxf3 Rdd2 32. Rad1 Rg2 33. Re2
Rgxe2 34. Re1 Rg2 35. Re2 Rcxe2 0-1

[Event "Open Nord"]
[Site "Meyreuil"]
[Date "2012.02.17"]
[Round "7"]
[White "Jean, Nicolas"]
[Black "Joubert, Leo"]
[Result "0-1"]
[WhiteElo "1814"]
[BlackElo "1722"]
[PlyCount "34"]

1. e4 c5 2. Nf3 g6 3. c3 Bg7 4. d4 cxd4 5. cxd4 d5 6. e5 Bg4 7. Nc3 Nc6 8. Be3
a6 9. Qb3 Rb8 10. Nd2 Be6 11. Na4 Bxe5 12. dxe5 d4 13. Qd3 dxe3 14. Qxe3 Qd4
15. Qa3 Qxe5+ 16. Be2 Nd4 17. Qd3 Bf5 0-1

[Event "Open Nord"]
[Site "Meyreuil"]
[Date "2012.02.17"]
[Round "7"]
[White "Noireaut, Hung"]
[Black "Noireaut, Hoan"]
[Result "*"]
[WhiteElo "1880"]
[BlackElo "1494"]
[PlyCount "67"]

1. e4 d6 2. d3 Nf6 3. g3 g6 4. Bg2 Bg7 5. Be3 Nxe4 6. dxe4 Bxb2 7. Bd4 Bxa1 8.
Bxa1 e5 9. f4 Qe7 10. Ne2 Nc6 11. O-O O-O 12. Nbc3 Bg4 13. Nd5 Qd8 14. fxe5
dxe5 15. Nf6+ Kh8 16. Nxg4 Qg5 17. Nf2 Rad8 18. Nd3 Nb4 19. Bxe5+ Kg8 20. Bf4
Qg4 21. h3 Qe6 22. a3 Nc6 23. Bh6 Rfe8 24. Qa1 Ne5 25. Nef4 Qb6+ 26. Kh1 Qd6
27. Nd5 Re6 28. Bg5 Rf8 29. Be7 Rxe7 30. Nxe7+ Qxe7 31. Qxe5 Qxa3 32. Qxc7 Qa6
33. e5 b6 34. Bd5 *

[Event "Open Nord"]
[Site "Meyreuil"]
[Date "2012.02.17"]
[Round "7"]
[White "Feraud, Guillaume"]
[Black "Schiano-Lomoriello, Didier"]
[Result "1-0"]
[WhiteElo "1730"]
[BlackElo "1710"]
[PlyCount "95"]

1. d4 Nf6 2. c4 g6 3. Nc3 d5 4. Nf3 Bg7 5. Ne5 O-O 6. f4 Bf5 7. Qb3 b6 8. cxd5
Ne4 9. Be3 h5 10. Rd1 Kh7 11. Rg1 e6 12. dxe6 Bxe6 13. d5 Bf5 14. g3 Nd7 15.
Nc6 Qe8 16. Nb5 Qc8 17. Ne7 Qb7 18. Rc1 Nec5 19. Qa3 Be4 20. Bg2 Bxg2 21. Rxg2
Rfe8 22. Nc6 Bxb2 23. Qxb2 Rxe3 24. Qd2 Rae8 25. Kf1 a6 26. Nbd4 Nf6 27. Ne5
Nxd5 28. Ndc6 R3xe5 29. Nxe5 f6 30. Rd1 c6 31. e4 Nxe4 32. Qd3 fxe5 33. Re1 Nc5
34. Qc2 e4 35. Qc4 Nd3 36. Ree2 N5xf4 37. gxf4 Rf8 38. Rxe4 Nc5 39. Re5 Qd7 40.
Ke2 Rd8 41. Qc2 Qd3+ 42. Qxd3 Nxd3 43. Re7+ Kh6 44. Ke3 Rd6 45. Rd2 Nxf4 46.
Rxd6 Nd5+ 47. Rxd5 cxd5 48. Re6 1-0

[Event "Open Nord"]
[Site "Meyreuil"]
[Date "2012.02.17"]
[Round "7"]
[White "Tchifteyan, Philippe"]
[Black "Sempe, Pierre"]
[Result "1/2-1/2"]
[WhiteElo "1661"]
[BlackElo "1607"]
[PlyCount "118"]

1. e4 e5 2. Nf3 Nc6 3. d4 exd4 4. Nxd4 Bc5 5. Nxc6 Qf6 6. Qe2 Qxc6 7. Nc3 d6 8.
Bg5 f6 9. Be3 Bb4 10. Bd2 Ne7 11. Qc4 Bc5 12. Na4 Ng6 13. Nxc5 Ne5 14. Qd5 Qxd5
15. exd5 dxc5 16. Bf4 O-O 17. O-O-O b6 18. Bxe5 fxe5 19. f3 Kf7 20. d6 cxd6 21.
Rxd6 Be6 22. a3 Rad8 23. Rxd8 Rxd8 24. Bd3 h6 25. Rd1 Kf6 26. Be4 Rxd1+ 27.
Kxd1 g5 28. h3 h5 29. Kd2 g4 30. hxg4 hxg4 31. b4 g3 32. Kd3 c4+ 33. Ke3 Kg5
34. c3 Bg8 35. Bc6 Kf5 36. Bd7+ Kf6 37. Ke4 Bh7+ 38. Kd5 Bd3 39. a4 Be2 40. Bg4
Bf1 41. Bh3 Be2 42. a5 bxa5 43. bxa5 Bd3 44. a6 Be2 45. Kd6 Bd3 46. Kc7 e4 47.
fxe4 Bxe4 48. Kb8 Ke5 49. Kxa7 Kf4 50. Kb6 Ke3 51. Bc8 Bxg2 52. Bb7 Bxb7 53.
axb7 g2 54. b8=Q g1=Q 55. Qe5+ Kd3+ 56. Kb5 Qb1+ 57. Kc5 Qb3 58. Qd4+ Kc2 59.
Qxc4 Qxc3 1/2-1/2

[Event "Open Nord"]
[Site "Meyreuil"]
[Date "2012.02.17"]
[Round "7"]
[White "Mengus, Michel"]
[Black "Solchaga, Jerome"]
[Result "0-1"]
[WhiteElo "1640"]
[BlackElo "1725"]
[PlyCount "110"]

1. e4 c5 2. Nf3 e6 3. d4 cxd4 4. Nxd4 a6 5. c4 Nc6 6. Be3 Nf6 7. Bd3 Nb4 8. h3
Nxd3+ 9. Qxd3 d6 10. O-O Be7 11. Nc3 O-O 12. Rfd1 Qc7 13. Rac1 Nd7 14. Qe2 b6
15. b4 Bb7 16. b5 a5 17. Nf3 Nc5 18. Bf4 Rfd8 19. Rc2 h6 20. Nh2 Bf6 21. f3 e5
22. Be3 Ne6 23. Ng4 Bg5 24. Qf2 Bxe3 25. Nxe3 Nd4 26. Rcd2 Rac8 27. Ncd5 Bxd5
28. Nxd5 Qa7 29. Qh4 Rd7 30. Qg4 Kf8 31. Nxb6 Nxf3+ 32. Kh1 Qxb6 33. Rxd6 Rxd6
34. Qxc8+ Ke7 35. Rb1 Rd8 36. Qa6 Qxa6 37. bxa6 Nd4 38. Rb7+ Kf6 39. a7 Ra8 40.
Rc7 g6 41. Kg1 Kg7 42. Kf2 Ne6 43. Rb7 Nc5 44. Rc7 Nxe4+ 45. Ke3 Nd6 46. Kd3
Nc8 47. Ke4 Nxa7 48. Kxe5 Re8+ 49. Kd5 Nc8 50. Kc6 Re6+ 51. Kd7 Nb6+ 52. Kd8
Kf8 53. Rc5 Re4 54. Rxa5 Rxc4 55. Rb5 Rc8# 0-1

[Event "Open Nord"]
[Site "Meyreuil"]
[Date "2012.02.17"]
[Round "7"]
[White "Scamaroni, Jean-Paul"]
[Black "Raymond, Xavier"]
[Result "1-0"]
[WhiteElo "1667"]
[BlackElo "1640"]
[PlyCount "89"]
[EventDate "2012.??.??"]

1. d4 g6 2. c4 Bg7 3. Nc3 d6 4. e4 c6 5. f4 Nd7 6. Nf3 e6 7. Be2 Ne7 8. O-O O-O
9. Be3 Qb6 10. Na4 Qc7 11. Rc1 Nf6 12. Nd2 d5 13. e5 Nd7 14. g4 b6 15. b4 Bb7
16. c5 b5 17. Nc3 a5 18. a3 f6 19. Qc2 fxe5 20. fxe5 Rad8 21. Nf3 a4 22. Qd2 h5
23. Ng5 Rxf1+ 24. Rxf1 Nf8 25. Rxf8+ Rxf8 26. Nxe6 Qc8 27. Nxf8 Qxf8 28. gxh5
Nf5 29. hxg6 Bh6 30. Bxh6 Qxh6 31. Qxh6 Nxh6 32. h4 Nf5 33. h5 Kg7 34. Nxb5
cxb5 35. Bxb5 Nxd4 36. Bxa4 Nc6 37. e6 Ne7 38. b5 Kf6 39. c6 Ba8 40. Bd1 Kxe6
41. a4 Kf6 42. c7 Nc8 43. a5 Nd6 44. Bg4 Bb7 45. a6 1-0

[Event "Open Nord"]
[Site "Meyreuil"]
[Date "2012.02.17"]
[Round "7"]
[White "Montanelli, Tristan"]
[Black "Lucas, Jacques"]
[Result "1-0"]
[WhiteElo "1695"]
[BlackElo "1410"]
[PlyCount "65"]

1. e4 d6 2. d4 Nf6 3. Nc3 g6 4. Nf3 Bg7 5. h3 O-O 6. Be3 Nc6 7. Bc4 e5 8. Qd2
a6 9. a4 Bd7 10. Bg5 Re8 11. d5 Ne7 12. Rb1 Kh8 13. O-O Neg8 14. g4 Qc8 15. Nh2
Nxg4 16. hxg4 Bxg4 17. f3 Bh3 18. Rf2 h6 19. Be3 Kh7 20. Bf1 Bxf1 21. Rbxf1 Nf6
22. Rg2 Nh5 23. Ne2 f5 24. exf5 Qxf5 25. Ng4 g5 26. Rh2 Nf4 27. Ng3 Qg6 28. b3
Rf8 29. Bxf4 exf4 30. Ne4 Rae8 31. Qd3 Kh8 32. Rff2 Kh7 33. Nxg5+ 1-0

[Event "Open Nord"]
[Site "Meyreuil"]
[Date "2012.02.17"]
[Round "7"]
[White "Bellais, Nicolas"]
[Black "Corrias, Robert"]
[Result "0-1"]
[WhiteElo "1520"]
[BlackElo "1671"]
[PlyCount "68"]

1. e4 Nc6 2. Nf3 d6 3. d4 e5 4. dxe5 Nxe5 5. Nxe5 dxe5 6. Qxd8+ Kxd8 7. Bc4 f6
8. O-O c6 9. Be3 Ne7 10. Nc3 Kc7 11. Rfd1 Ng6 12. Rd3 Be7 13. Rad1 Rd8 14. a4
Rxd3 15. Rxd3 b6 16. Na2 a5 17. Nc3 Bd6 18. Bxb6+ Kxb6 19. Rxd6 Kc5 20. Rxc6+
Kxc6 21. Bd5+ Kc5 22. Bxa8 Ba6 23. g3 Nf8 24. f3 Ne6 25. Kf2 Nd4 26. Bd5 Nxc2
27. Bb3 Nb4 28. Ke3 Nd3 29. Bd1 Nxb2 30. Be2 Bxe2 31. Kxe2 Kb4 32. Kd2 Nxa4 33.
Nxa4 Kxa4 34. Kc3 Kb5 0-1

[Event "Open Nord"]
[Site "Meyreuil"]
[Date "2012.02.17"]
[Round "7"]
[White "Maggio, Stephane"]
[Black "Schoeni, Christine"]
[Result "1-0"]
[WhiteElo "1440"]
[BlackElo "1499"]
[PlyCount "113"]

1. f4 e6 2. Nf3 Nc6 3. e3 Nf6 4. b3 d5 5. Bb5 Bd7 6. Bxc6 Bxc6 7. Bb2 Bb5 8.
Nc3 Bd7 9. O-O Nh5 10. Ne2 f6 11. Kh1 Bd6 12. d3 O-O 13. Qe1 Be8 14. Ng3 Nxg3+
15. Qxg3 c5 16. Qg4 Qe7 17. Rae1 Bd7 18. Qh4 Qf7 19. e4 d4 20. h3 e5 21. f5 Kh8
22. Rg1 Be8 23. g4 Rg8 24. Re2 g6 25. fxg6 Qxg6 26. Reg2 Qg7 27. Qg3 Be7 28.
Nh4 Qg5 29. Nf5 Bf8 30. h4 Qf4 31. Bc1 Qxg3 32. Rxg3 Bg6 33. h5 Bxf5 34. gxf5
Rxg3 35. Rxg3 h6 36. Rg6 Kh7 37. Rxf6 Bg7 38. Rf7 Rg8 39. Rxb7 a5 40. Ba3 Rc8
41. f6 Kg8 42. Rxg7+ Kf8 43. Rh7 Rc6 44. Rxh6 Kf7 45. Kg2 Rxf6 46. Rxf6+ Kxf6
47. Bxc5 Kg5 48. Bb6 Kxh5 49. Bxa5 Kg4 50. Bc7 Kf4 51. Kf2 Kg5 52. a4 Kf6 53.
b4 Ke6 54. b5 Kd7 55. Bxe5 Kc8 56. Bxd4 Kb7 57. c4 1-0

[Event "Open Nord"]
[Site "Meyreuil"]
[Date "2012.02.17"]
[Round "7"]
[White "Marchal-Perrin, Alexandre"]
[Black "Garcia, Robustiano"]
[Result "0-1"]
[WhiteElo "1399"]
[BlackElo "1670"]
[PlyCount "88"]

1. e4 c5 2. Nf3 Nc6 3. d4 cxd4 4. Nxd4 Nf6 5. Nc3 g6 6. Bc4 Bg7 7. O-O O-O 8.
Re1 d6 9. h3 Bd7 10. Nxc6 Bxc6 11. Bd5 Qb6 12. Bxc6 bxc6 13. b3 Nxe4 14. Rxe4
Bxc3 15. Rb1 Rae8 16. Bh6 Bg7 17. Bxg7 Kxg7 18. Qf3 e5 19. Rbe1 f5 20. R4e2 e4
21. Qc3+ Kf7 22. g4 d5 23. Kh1 Qc7 24. gxf5 gxf5 25. Rg1 Rg8 26. Ree1 Qd6 27.
Rg2 Rxg2 28. Kxg2 Rg8+ 29. Kh1 Qg6 30. Qg3 Qxg3 31. fxg3 Rxg3 32. Kh2 Rc3 33.
Re2 Kf6 34. a4 f4 35. Rg2 Re3 36. Rg4 f3 37. Kg1 Rc3 38. h4 Rxc2 39. h5 Rg2+
40. Rxg2 fxg2 41. Kxg2 Kg5 42. Kg3 Kxh5 43. Kf4 Kg6 44. Ke5 e3 0-1

[Event "Open Nord"]
[Site "Meyreuil"]
[Date "2012.03.16"]
[Round "8"]
[White "Feraud, Guillaume"]
[Black "Noireaut, Hung"]
[Result "0-1"]
[WhiteElo "1533"]
[BlackElo "1882"]
[PlyCount "61"]

1. d4 d5 2. c4 e6 3. Nc3 c6 4. Nf3 dxc4 5. e4 b5 6. Be2 Bb4 7. O-O Bb7 8. Ne5
Nd7 9. f4 Ngf6 10. Qc2 Bxc3 11. bxc3 c5 12. Nxd7 Qxd7 13. e5 Nd5 14. dxc5 Qc6
15. Rf3 Qxc5+ 16. Kh1 Ne7 17. Be3 Qc7 18. Rh3 Nf5 19. Bf2 h6 20. Kg1 Ne7 21.
Be3 Bd5 22. a4 Qb7 23. g4 Be4 24. Qb2 a6 25. Bxc4 bxc4 26. Qxb7 Bxb7 27. Rb1
Bd5 28. Bc5 Kd7 29. Rb6 Rhb8 30. Rd6+ Kc7 31. Rxd5 0-1

[Event "Open Nord"]
[Site "Meyreuil"]
[Date "2012.03.16"]
[Round "8"]
[White "Joubert, Leo"]
[Black "Tchifteyan, Philippe"]
[Result "0-1"]
[WhiteElo "1722"]
[BlackElo "1661"]
[PlyCount "102"]

1. d4 d5 2. c4 c6 3. Nc3 Nf6 4. Nf3 e6 5. e3 Be7 6. Qc2 Nbd7 7. Bd3 a6 8. O-O
O-O 9. e4 dxe4 10. Nxe4 Nxe4 11. Bxe4 Nf6 12. Bd3 h6 13. Bd2 Bd6 14. Bc3 b5 15.
b3 bxc4 16. bxc4 c5 17. Rfd1 cxd4 18. Nxd4 Bb7 19. c5 Bxh2+ 20. Kxh2 Ng4+ 21.
Kg1 Qh4 22. Be4 Bxe4 23. Qxe4 Qxf2+ 24. Kh1 Qg3 25. Kg1 Nf2 26. Qe1 Nh3+ 27.
Kf1 Qf4+ 28. Nf3 Qc4+ 29. Qe2 Qxc3 30. Rac1 Qa5 31. gxh3 Rac8 32. c6 Rc7 33.
Qe5 Qb6 34. Qc5 Qxc5 35. Rxc5 f6 36. Rd7 Rfc8 37. Nd4 e5 38. Ne6 Rxc6 39. Rdd5
h5 40. Ke2 Kh7 41. Kf3 Kh6 42. h4 Rxc5 43. Rxc5 Rxc5 44. Nxc5 a5 45. a4 g5 46.
hxg5+ fxg5 47. Nd3 g4+ 48. Kg3 e4 49. Nf4 Kg5 50. Ne2 h4+ 51. Kg2 e3 0-1

[Event "Open Nord"]
[Site "Meyreuil"]
[Date "2012.03.16"]
[Round "8"]
[White "Sempe, Pierre"]
[Black "Jean, Nicolas"]
[Result "0-1"]
[WhiteElo "1595"]
[BlackElo "1808"]
[PlyCount "48"]

1. e4 e5 2. Nf3 Nc6 3. Bc4 Bc5 4. c3 Nf6 5. d3 O-O 6. Nbd2 d6 7. h3 a6 8. Bb3
Kh8 9. Nf1 Be6 10. Bxe6 fxe6 11. Qb3 Qe7 12. Qxb7 Na5 13. Qxa8 Rxa8 14. b4 Bxb4
15. cxb4 Nc6 16. a3 Nh5 17. Bg5 Qf7 18. Rc1 Nd4 19. Nxd4 exd4 20. Ng3 Nxg3 21.
fxg3 Rf8 22. Rc2 h6 23. Bc1 e5 24. Rc6 Qf2+ 0-1

[Event "Open Nord"]
[Site "Meyreuil"]
[Date "2012.03.16"]
[Round "8"]
[White "Solchaga, Jerome"]
[Black "Scamaroni, Jean-Paul"]
[Result "1/2-1/2"]
[WhiteElo "1727"]
[BlackElo "1674"]
[PlyCount "75"]
[EventDate "2012.??.??"]

1. d4 Nf6 2. c4 e6 3. Nc3 Bb4 4. a3 Bxc3+ 5. bxc3 O-O 6. Nf3 b6 7. e3 Bb7 8.
Bd3 d5 9. cxd5 Bxd5 10. O-O Nbd7 11. Re1 Be4 12. Qc2 Bxd3 13. Qxd3 c5 14. e4
cxd4 15. cxd4 Qc7 16. Bg5 h6 17. Rac1 Qb7 18. Bf4 Rac8 19. Bd6 Rxc1 20. Rxc1
Rc8 21. Rxc8+ Qxc8 22. h3 Qc6 23. e5 Ne8 24. Bb4 Nc7 25. Nd2 Nd5 26. Bd6 Qc3
27. Qb5 Qxd2 28. Qxd7 Qe1+ 29. Kh2 Qxf2 30. Qxa7 Kh7 31. Qb7 Qf4+ 32. Kh1 Qf2
33. Bb8 Qe1+ 34. Kh2 Ne3 35. Qxf7 Nf1+ 36. Kg1 Ne3+ 37. Kh2 Nf1+ 38. Kg1
1/2-1/2

[Event "Open Nord"]
[Site "Meyreuil"]
[Date "2012.03.16"]
[Round "8"]
[White "Noireaut, Hoan"]
[Black "Arthaud, Geoffrey"]
[Result "0-1"]
[WhiteElo "1486"]
[BlackElo "1580"]
[PlyCount "42"]
[EventDate "2012.??.??"]

1. d4 Nf6 2. Bf4 c5 3. e3 Qb6 4. b3 cxd4 5. exd4 Nc6 6. Nf3 d6 7. h3 Bf5 8. c3
h6 9. Bd3 Nd5 10. Bxd6 Bxd3 11. Bc5 Qa6 12. Ne5 Bxb1 13. Nxc6 Qxc6 14. Rxb1
Nxc3 15. Qc2 Nxb1 16. Qxb1 e6 17. Bxf8 Rxf8 18. O-O Rc8 19. Qh7 Ke7 20. g3 Rg8
21. Re1 Qc2 0-1

[Event "Open Nord"]
[Site "Meyreuil"]
[Date "2012.03.16"]
[Round "8"]
[White "Schiano-Lomoriello, Didier"]
[Black "Montanelli, Tristan"]
[Result "0-1"]
[WhiteElo "1710"]
[BlackElo "1685"]
[PlyCount "50"]

1. e4 e6 2. d4 d5 3. Nc3 Nf6 4. e5 Nfd7 5. f4 c5 6. Nf3 Nc6 7. Be3 Qb6 8. Na4
Qa5+ 9. c3 cxd4 10. b4 Nxb4 11. cxb4 Bxb4+ 12. Bd2 Bxd2+ 13. Nxd2 b6 14. Rb1
Ba6 15. Bxa6 Qxa6 16. Rc1 O-O 17. Nf3 Qa5+ 18. Kf2 Rfc8 19. Qxd4 b5 20. Nc5
Qxa2+ 21. Kg3 Nb6 22. Rhf1 Qa3 23. Rc3 Qb2 24. Rf2 Qb1 25. Rfc2 b4 0-1

[Event "Open Nord"]
[Site "Meyreuil"]
[Date "2012.03.16"]
[Round "8"]
[White "Corrias, Robert"]
[Black "Raymond, Xavier"]
[Result "0-1"]
[WhiteElo "1651"]
[BlackElo "1640"]
[PlyCount "138"]

1. Nf3 d5 2. d4 c5 3. e3 Nc6 4. Bb5 Bd7 5. O-O e6 6. b3 Nf6 7. Bb2 Qb6 8. Qe2
a6 9. Bxc6 Bxc6 10. Ne5 Bb5 11. c4 dxc4 12. bxc4 Bc6 13. Nxc6 Qxc6 14. Nd2 Be7
15. dxc5 Bxc5 16. Bxf6 gxf6 17. Qf3 Qxf3 18. Nxf3 Rc8 19. Rfd1 Ke7 20. Rab1 Rc7
21. g3 Rd8 22. Rxd8 Kxd8 23. Nd4 Kc8 24. Rc1 Bf8 25. Rc2 e5 26. Nb3 b6 27. e4
Ba3 28. Kg2 a5 29. f4 a4 30. Nd2 b5 31. Nf3 Rxc4 32. Re2 Bd6 33. Nh4 a3 34. Nf5
Bf8 35. Kf3 Rb4 36. Ne3 Rb2 37. Nd1 Rxe2 38. Kxe2 b4 39. Kd3 exf4 40. gxf4 Bd6
41. Kc4 Bxf4 42. Kxb4 Bxh2 43. Kxa3 Be5 44. Kb4 h5 45. Kc4 Kb7 46. Kd5 Kb6 47.
Ne3 h4 48. Ng4 h3 49. Nf2 h2 50. Nh1 Kb5 51. Nf2 Kb4 52. Nh1 Ka3 53. Kc4 Kxa2
54. Kd3 Kb3 55. Nf2 Bg3 56. Nh1 Bh4 57. Ke3 Kc3 58. Kf3 Kd3 59. Kg2 Kxe4 60.
Kxh2 Kf3 61. Kh3 Be1 62. Kh2 f5 63. Kh3 f4 64. Kh2 Ke2 65. Kg1 f3 66. Kh2 Kf1
67. Kh3 Kg1 68. Kg4 Kxh1 69. Kxf3 Bc3 0-1

[Event "Open Nord"]
[Site "Meyreuil"]
[Date "2012.03.16"]
[Round "8"]
[White "Bellais, Nicolas"]
[Black "Maggio, Stephane"]
[Result "1-0"]
[WhiteElo "1520"]
[BlackElo "1440"]
[PlyCount "47"]

1. d4 d5 2. c4 e6 3. Nc3 Nf6 4. Bf4 c6 5. Nf3 Be7 6. e3 Nbd7 7. Be2 a6 8. O-O
O-O 9. a4 Re8 10. a5 b6 11. axb6 Qxb6 12. cxd5 exd5 13. Qc2 Nf8 14. Na4 Qb7 15.
Rfc1 Bd7 16. Ne5 Rec8 17. Nxd7 Qxd7 18. Nb6 Qb7 19. Nxa8 Qxa8 20. Rxa6 Qb7 21.
Rca1 N6d7 22. Ra7 Qb6 23. Bg4 Rd8 24. Bc7 1-0

[Event "Open Nord"]
[Site "Meyreuil"]
[Date "2012.03.16"]
[Round "8.10"]
[White "Garcia, Robustiano"]
[Black "Schoeni, Christine"]
[Result "1-0"]
[WhiteElo "1670"]
[BlackElo "1499"]
[PlyCount "119"]
1. d4 d5 2. c4 c6 3. Nf3 f6 4. Nc3 e6 5. e4 Bb4 6. Bd3 c5 7. cxd5 Bxc3+ 
8. bxc3 exd5 9. e5 Ne7 10. exf6 gxf6 11. O-O Bg4 12. h3 Bh5 13. Re1 O-O
14. Bh6 Rf7 15. Re3 Nbc6 16. Qe1 Bg6 17. Nh4 f5 18. Re6 Qe8 19. Qd2 Nd8 
20. Re2 Qd7 21. Rae1 Ndc6 22. Qg5 Re8 23. Bb5 a6 24. Bxc6 bxc6 25. Re6 Qd8 
26. Nxg6 hxg6 27. Rxg6+ Nxg6 28. Qxg6+ Kh8 29. Rxe8+ Qxe8 30. Be3 Qg8 
31. Qxc6 f4 32. Bc1 f3 33. g3 Qh7 34. Qh6 Qxh6 35. Bxh6 Rb7 36. a3 Rb3 
37. Bf8 Rxc3 38. Bxc5 Rc1+ 39. Kh2 a5 40. g4 a4 41. Kg3 Rc3 42. Bd6 Kg7 
43. Kf4 Kf7 44. h4 Kg7 45. g5 Rc1 46. Kxf3 Rg1 47. Kf4 Rf1 48. f3 Re1 
49. Kf5 Re8 50. f4 Rd8 51. Ke5 Re8+ 52. Kxd5 Kf7 53. Kc4 Rd8 54. Be5 Rc8+ 
55. Kb4 Ra8 56. h5 Ra6 57. h6 Ra8 58. h7 Kg6 59. h8=Q Rxh8 60. Bxh8 1-0

[Event "Open Nord"]
[Site "Meyreuil"]
[Date "2012.03.30"]
[Round "9"]
[White "Noireaut, Hung"]
[Black "Tchifteyan, Philippe"]
[Result "1-0"]
[WhiteElo "1882"]
[BlackElo "1661"]
[PlyCount "99"]

1. e4 c5 2. Nc3 Nc6 3. g3 d6 4. Bg2 e5 5. d3 Be6 6. f4 f6 7. Nf3 Be7 8. O-O Qd7
9. a3 h6 10. Nh4 Bf7 11. f5 Bd8 12. Bf3 h5 13. Ng6 Rh7 14. Bxh5 Nge7 15. g4 Bb6
16. Be3 O-O-O 17. Nxe7+ Qxe7 18. Nd5 Qe8 19. Bxf7 Qxf7 20. b4 Ne7 21. Nxb6+
axb6 22. a4 Nc6 23. b5 Na5 24. Bd2 Qc7 25. Rf2 Kd7 26. Rg2 Ke7 27. g5 d5 28.
gxf6+ gxf6 29. exd5 Rxd5 30. Bh6 Qd8 31. Bg7 Qe8 32. Rg6 Rd6 33. Qe1 Kf7 34.
Qg3 Ke7 35. Bxf6+ Kd7 36. Rg8 Qf7 37. Rd8+ Kc7 38. Rxd6 Kxd6 39. Qxe5+ Kd7 40.
Re1 Rh6 41. Qe7+ Qxe7 42. Rxe7+ Kd6 43. Re6+ Kd7 44. Rxb6 Rh5 45. Bc3 Rxf5 46.
Bxa5 Kc8 47. Rd6 Rf8 48. Rd8+ Rxd8 49. Bxd8 Kxd8 50. Kf2 1-0